00000000nam##2200000za#4500
0019.643341
003CaOODSP
00520210624224125
007cr |||||||||||
008150407|2010||||xxc|||||o    f|0| 0 fre|d
040 |aCaOODSP|bfre
043 |an-cn---
0861 |aPS78-5-3/2010F-PDF
1101 |aCanada.|bCommission des plaintes du public contre la GRC.
24510|aUtilisation de l'arme à impulsions (AI) à la GRC - rapport spécial : |h[ressource électronique]|bdu 1er janvier au 31 décembre 2009
260 |aOttawa - Ontario : |bCommission des plaintes du public contre la GRC |cLe 24 juin 2010.
300 |a93p.|bgraphiques, tableaux
590 |a14-13-Supp|b2014-06-23
69107|aArme offensive|2gcpds
69107|aPlainte|2gcpds
69107|aService de police|2gcpds
77508|tRCMP use of the Conducted Energy Weapon (CEW) - special report : |w(CaOODSP)9.699282
85640|ahttp://publications.gc.ca|qPDF|s428 Ko|uhttps://publications.gc.ca/collections/collection_2014/cpp-cpc/PS78-5-3-2010-fra.pdf